000 00511nam a22001937a 4500
003 KOHA_MİRAKIL
005 20251105141902.0
008 251105b tu ||||| |||| 00| 0 tur d
020 _a9789754941852
040 _aTR-AnABB
_btur
_cTR-AnABB
041 _atur
082 _a818
_bHAL 2000
100 1 _aHalikarnas Balıkçısı
245 1 0 _aMavi Sürgün /
260 _aAnkara :
_bBilgi Yayınevi,
_c2000
300 _a264 sayfa ;
_c14 cm
650 0 4 _aTürk edebiyatı, roman
942 _2ddc
_cBK
999 _c9282
_d9282
900 _bGizem YORULMAZ